[Event "AUT-ch Vor2 Internet"]
[Site "Playchess.com INT"]
[Date "2020.04.13"]
[Round "2"]
[White "Kienboeck, Benjamin"]
[Black "Erlacher, Herbert"]
[Result "1-0"]
[WhiteElo "1922"]
[BlackElo "1842"]
[PlyCount "121"]
[EventDate "2020.04.13"]
[EventType "swiss (blitz)"]
[EventRounds "9"]
[EventCountry "AUT"]
[SourceTitle "CBM 195 Extra"]
[Source "ChessBase"]
[SourceDate "2020.05.31"]
[SourceVersion "1"]
[SourceVersionDate "2020.05.31"]
[SourceQuality "1"]

1. e4 c6 2. d4 d5 3. Nc3 dxe4 4. Nxe4 Nd7 5. Nf3 Ndf6 6. Ng3 e6 7. Bd3 Nd5 8. a3 a6 9. c4 Nde7 10. Ne5 Ng6 11. Bxg6 hxg6 12. 0-0 Nf6 13. Ne4 Nxe4 14. Nxf7 Kxf7 15. Qf3+ Nf6 16. g4 Kg8 17. g5 Nh5 18. Be3 Qd6 19. h4 Bd7 20. Rad1 Be7 21. d5 Rf8 22. Qe4 exd5 23. cxd5 c5 24. b4 b6 25. bxc5 bxc5 26. Qc4 Qe5 27. d6+ Be6 28. Qxc5 Qxc5 29. Bxc5 Bd8 30. Rfe1 Bd7 31. Re7 Bxe7 32. dxe7 Re8 33. Rxd7 Kf7 34. Rd3 Rxe7 35. Bxe7 Kxe7 36. Rb3 Rd8 37. Rb7+ Rd7 38. Rb6 Rd6 39. Rb7+ Rd7 40. Rb6 Nf4 41. Rxa6 Kf7 42. Kh2 Nd3 43. a4 Ne5 44. a5 Ng4+ 45. Kg3 Ne5 46. Ra8 Nc6 47. a6 Ke7 48. Rg8 Kd6 49. Ra8 Ra7 50. Rg8 Kc5 51. Kg4 Kb6 52. h5 gxh5+ 53. Kxh5 Kxa6 54. f4 Nd4 55. Kg6 Kb5 56. Rxg7 Rxg7+ 57. Kxg7 Kc6 58. g6 Kd6 59. Kf6 Ne6 60. f5 Nd8 61. g7 1-0

[Event "Innsbruck op-B 1st"]
[Site "Innsbruck"]
[Date "2017.09.01"]
[Round "8"]
[White "Erlacher, Herbert"]
[Black "Reisner, Hans"]
[Result "1-0"]
[WhiteElo "1878"]
[BlackElo "1700"]
[PlyCount "120"]
[EventDate "2017.08.25"]
[EventType "swiss"]
[EventRounds "9"]
[EventCountry "AUT"]
[SourceTitle "CBM 180 Extra"]
[Source "ChessBase"]
[SourceDate "2017.10.06"]
[SourceVersion "1"]
[SourceVersionDate "2017.10.06"]
[SourceQuality "1"]

1. Nf3 Nf6 2. c4 g6 3. g3 c5 4. Bg2 Bg7 5. 0-0 Nc6 6. a3 d5 7. d3 dxc4 8. dxc4 Qxd1 9. Rxd1 0-0 10. Nc3 Be6 11. Nd5 h6 12. Be3 Nd7 13. Nc7 Rad8 14. Nxe6 fxe6 15. Rab1 b6 16. Bh3 Kf7 17. b4 g5 18. bxc5 Nxc5 19. Bg2 Kg6 20. Nxg5 Nd4 21. Bxd4 Bxd4 22. e3 Bxe3 23. Nf3 Bg5 24. Ne5+ Kg7 25. Nc6 Rxd1+ 26. Rxd1 Ra8 27. Nxe7 Re8 28. Nc6 a6 29. f4 Bf6 30. Rd6 b5 31. Bf1 bxc4 32. Bxc4 e5 33. fxe5 Bxe5 34. Rd5 Bxg3 35. hxg3 Na4 36. Ra5 Nb6 37. Bxa6 Ra8 38. Nb4 Nc4 39. Rc5 Nxa3 40. Bd3 Ra4 41. Nd5 Rd4 42. Rc7+ Kf8 43. Nf4 Rb4 44. Kf2 Rb2+ 45. Kf3 Rb3 46. Kg4 Nb5 47. Rh7 Nd6 48. Rxh6 Rb6 49. Rh8+ Kg7 50. Rh7+ Kg8 51. Nd5 Rb7 52. Nf6+ Kf8 53. Nd7+ Ke8 54. Bf5 Kd8 55. Kg5 Nxf5 56. Kxf5 Rxd7 57. Rxd7+ Kxd7 58. Kf6 Ke8 59. Kg7 Ke7 60. g4 Ke6 1-0

[Event "Wattens op 10th"]
[Site "Wattens"]
[Date "1995.??.??"]
[Round "?"]
[White "Moser, Hans"]
[Black "Erlacher, Herbert"]
[Result "1-0"]
[WhiteElo "1615"]
[BlackElo "1800"]
[PlyCount "79"]
[EventDate "1995.??.??"]
[EventType "swiss"]
[EventRounds "9"]
[EventCountry "AUT"]
[SourceTitle "EXT 2000"]
[Source "ChessBase"]
[SourceDate "1999.11.16"]
[SourceVersion "1"]
[SourceVersionDate "1999.11.16"]
[SourceQuality "1"]

1. e4 c6 2. c4 e5 3. d4 exd4 4. Qxd4 d6 5. Nc3 Nf6 6. h3 Be7 7. Be3 Na6 8. Qd2 0-0 9. Be2 b6 10. Bf3 Bb7 11. Nge2 Re8 12. 0-0 Nc7 13. Ng3 Ne6 14. Rad1 g6 15. Bh6 Qc7 16. Rfe1 Rad8 17. Qc2 Nd7 18. Bg4 Bf6 19. Bxe6 Rxe6 20. Bf4 Ne5 21. b3 Rde8 22. Nce2 Bg7 23. Nd4 R6e7 24. Nde2 h5 25. f3 Rd7 26. Bxe5 dxe5 27. Rxd7 Qxd7 28. Rd1 Qe7 29. Qd3 Bf6 30. Qd7 Qc5+ 31. Nd4 Re7 32. Qd8+ Kg7 33. b4 Qxc4 34. Ndf5+ gxf5 35. Nxf5+ Kg6 36. Nxe7+ Bxe7 37. Qxe7 Ba6 38. Rd6+ Kh7 39. Qg5 Qd4+ 40. Rxd4 1-0

[Event "Wattens op 09th"]
[Site "Wattens"]
[Date "1994.??.??"]
[Round "5"]
[White "Vrban, Damir"]
[Black "Erlacher, Herbert"]
[Result "1/2-1/2"]
[WhiteElo "2110"]
[BlackElo "1845"]
[PlyCount "70"]
[EventDate "1994.??.??"]
[EventType "swiss"]
[EventRounds "9"]
[EventCountry "AUT"]
[SourceTitle "EXT 2000"]
[Source "ChessBase"]
[SourceDate "1999.11.16"]
[SourceVersion "1"]
[SourceVersionDate "1999.11.16"]
[SourceQuality "1"]

1. e4 c6 2. d3 d5 3. Nd2 Nd7 4. g3 e5 5. Bg2 Ngf6 6. Ngf3 Be7 7. 0-0 0-0 8. Re1 Qc7 9. b3 Bb4 10. Bb2 dxe4 11. dxe4 Rd8 12. Qe2 Re8 13. a3 Ba5 14. b4 Bb6 15. Nc4 Ng4 16. Nxb6 axb6 17. Rad1 Nh6 18. c4 f6 19. Nh4 Nf8 20. Rd2 Ne6 21. Nf5 Nxf5 22. exf5 Ng5 23. h4 Nf7 24. g4 Bd7 25. Red1 Rad8 26. b5 h5 27. g5 Bxf5 28. gxf6 Rxd2 29. Rxd2 g6 30. bxc6 bxc6 31. f4 e4 32. Qe3 c5 33. Bf1 Rd8 34. Bg2 Rxd2 35. Qxd2 Qd6 1/2-1/2

[Event "Wattens op 08th"]
[Site "Wattens"]
[Date "1993.??.??"]
[Round "?"]
[White "Ampferer, Michael"]
[Black "Erlacher, Herbert"]
[Result "1-0"]
[WhiteElo "1750"]
[BlackElo "1790"]
[PlyCount "77"]
[EventDate "1993.??.??"]
[EventType "swiss"]
[EventRounds "9"]
[EventCountry "AUT"]
[SourceTitle "EXT 2000"]
[Source "ChessBase"]
[SourceDate "1999.11.16"]
[SourceVersion "1"]
[SourceVersionDate "1999.11.16"]
[SourceQuality "1"]

1. d4 e6 2. c4 f5 3. Nc3 Nf6 4. Nf3 d6 5. e3 Be7 6. Bd3 0-0 7. 0-0 a5 8. Qc2 Na6 9. a3 Bd7 10. e4 Bc6 11. exf5 Bxf3 12. gxf3 e5 13. d5 Nc5 14. Kh1 Qe8 15. Rg1 Qh5 16. Be2 Nfd7 17. Rg3 Qxf5 18. Qxf5 Rxf5 19. Bh6 g6 20. Rag1 Bh4 21. R3g2 a4 22. Be3 c6 23. Bd1 Rf7 24. Rg4 Bf6 25. h4 Kh8 26. Bc2 e4 27. Rf4 Nd3 28. Bxd3 exd3 29. Ne4 Raf8 30. Nxf6 Nxf6 31. Bd4 Kg7 32. dxc6 bxc6 33. Rd1 h6 34. Rxd3 Rd8 35. Re3 g5 36. Bxf6+ Rxf6 37. Re7+ Kg6 38. h5+ Kxh5 39. Rxf6 1-0

[Event "Wattens op 08th"]
[Site "Wattens"]
[Date "1993.??.??"]
[Round "?"]
[White "Blaas, Hansjoerg"]
[Black "Erlacher, Herbert"]
[Result "1-0"]
[WhiteElo "2045"]
[BlackElo "1790"]
[PlyCount "75"]
[EventDate "1993.??.??"]
[EventType "swiss"]
[EventRounds "9"]
[EventCountry "AUT"]
[SourceTitle "EXT 2000"]
[Source "ChessBase"]
[SourceDate "1999.11.16"]
[SourceVersion "1"]
[SourceVersionDate "1999.11.16"]
[SourceQuality "1"]

1. e4 c6 2. d4 d5 3. e5 Bf5 4. Bd3 Bxd3 5. Qxd3 e6 6. Ne2 Nd7 7. 0-0 c5 8. c3 Qc7 9. f4 Ne7 10. Be3 Nf5 11. g4 Nxe3 12. Qxe3 Nb6 13. Nd2 Nc4 14. Nxc4 cxd4 15. Nd6+ Bxd6 16. exd6 dxe3 17. dxc7 Rc8 18. Rf3 h5 19. g5 Rxc7 20. Rxe3 g6 21. Nd4 0-0 22. Kf2 a6 23. a4 Rfc8 24. Ke2 Rc4 25. Kd2 b5 26. axb5 axb5 27. b3 R4c5 28. Ra5 Rb8 29. Re1 Rbc8 30. Rc1 Rb8 31. b4 Rc4 32. Rf1 Re8 33. Rxb5 e5 34. Re1 Ra8 35. Rxe5 Ra2+ 36. Kd3 Ra3 37. Re8+ Kg7 38. Ne2 1-0

[Event "Wattens op 08th"]
[Site "Wattens"]
[Date "1993.??.??"]
[Round "?"]
[White "Erlacher, Herbert"]
[Black "Bieringer, Konrad"]
[Result "1/2-1/2"]
[WhiteElo "1790"]
[BlackElo "1710"]
[PlyCount "58"]
[EventDate "1993.??.??"]
[EventType "swiss"]
[EventRounds "9"]
[EventCountry "AUT"]
[SourceTitle "EXT 2000"]
[Source "ChessBase"]
[SourceDate "1999.11.16"]
[SourceVersion "1"]
[SourceVersionDate "1999.11.16"]
[SourceQuality "1"]

1. Nf3 f5 2. c4 Nf6 3. g3 g6 4. Bg2 Bg7 5. Nc3 d6 6. d4 c6 7. 0-0 0-0 8. Qc2 Qc7 9. Re1 e5 10. dxe5 dxe5 11. e4 fxe4 12. Nxe4 Bf5 13. Nxf6+ Bxf6 14. Qe2 Nd7 15. h3 Rfe8 16. g4 Be6 17. Ng5 Rad8 18. Ne4 Be7 19. Bg5 Nb6 20. b3 Bxg5 21. Nxg5 Qe7 22. Qxe5 Qd7 23. Nxe6 Re7 24. Re3 Rde8 25. Nc5 Rxe5 26. Nxd7 Nxd7 27. Rae1 Rxe3 28. Rxe3 Rxe3 29. fxe3 Kf7 1/2-1/2